| 000 | 01033nas a2200301 4500 | ||
|---|---|---|---|
| 001 | BR2011006641 | ||
| 003 | BR-BrBNA | ||
| 005 | 20231205115712.0 | ||
| 007 | ta | ||
| 008 | 230509b bl.|||p| |||| 00| 00por d | ||
| 040 |
_aBR-BrBNA _bpor _cBiblioteca Nacional de Agricultura |
||
| 041 | _a(Pt) | ||
| 072 | _aH10 | ||
| 100 | 1 | _aSantos, J.P. dos | |
| 100 | 1 | _aBecker, W.F. | |
| 100 | 1 | _aWamser, A.F. | |
| 100 | 1 | _aMueller, S. | |
| 100 | 1 | _aRomano, F. | |
| 245 | 1 | _aIncidência de machos adultos de traça-do-tomateiro nos sistemas de produção convencional e integrada de tomates em Caçador, SC | |
| 246 | 1 | _aIncidence of adult males of tomato moth in conventional and integrated tomato production systems in Caçador, SC | |
| 650 | _aTOMATE | ||
| 650 | _aLYCOPERSICON ESCULENTUM | ||
| 650 | _aTRAÇA | ||
| 650 | _aPRAGA DE PLANTA | ||
| 773 | 0 |
_tAgropecuária Catarinense (Brazil) _xISSN 0103-0779 _g(Mar 2008), v. 21(1) p. 66-73 _wBR2011006641 |
|
| 909 |
_a202311 _bLúcia _c55 _dLúcia Elande |
||
| 942 |
_2AGRIS _n0 _cANA |
||
| 999 |
_c215291 _d215291 |
||